| 000 | 00357nam a2200145Ia 4500 | ||
|---|---|---|---|
| 100 | _aBhargava/N.N | ||
| 650 | _aElectrical Engineering | ||
| 942 | _cBK | ||
| 654 | _aBasic electronics | ||
| 245 | _aBasic Electronic And Linear Circuits | ||
| 260 |
_bTata McGraw Hill _aNew Delhi _c1993 |
||
| 082 |
_a621.381 _bDHA/KUL |
||
| 300 | _a490 | ||
| 546 | _aENGLISH | ||
| 999 |
_c31982 _d31982 |
||